| 000 | 00333nam a22001337a 4500 | ||
|---|---|---|---|
| 008 | 181019b xxu||||| |||| 00| 0 eng d | ||
| 020 | _a9780735619715 | ||
| 041 | _aeng | ||
| 080 | _a004 | ||
| 100 | _a37 | ||
| 101 | _aSHK | ||
| 245 |
_aUpgrading Your Certification To Microsoft Windows Serverr 2003 _cKit.T |
||
| 942 |
_2udc _cBK |
||
| 999 |
_c50175 _d50175 |
||